Carregant...

Swanthantryothar hindi ke ithihasik upanysom ka silpagath adhayan

Dades bibliogràfiques
Autor principal: Saradh Renjan Sukla
Publicat: Abhay Prakashan
LEADER 00242 a2200097 4500
020
260 |b Abhay Prakashan 
942 |c BK  |6 _ 
245 |a Swanthantryothar hindi ke ithihasik upanysom ka silpagath adhayan 
100 |a Saradh Renjan Sukla 
999 |c 63298  |d 63298